000 00706nam a2200241Ia 4500
003 GCL
008 140319s9999 xx 000 0 ara d
040 _aGCL /
_cGCL
082 0 4 _aط
_b372.216
_bا ك
100 1 _aاحمد نجيب
245 1 0 _aكتاب المقص الازرق /
_cاحمد نجيب
700 1 _aاسامة نجيب
260 _a[S.N] :
_bدار الشروق
300 _a11 ص
490 _aكتب المقص للحضانة ورياض الاطفال
_v0
650 0 4 _aالاطفال
650 0 4 _aرياض الاطفال
650 0 4 _aالكتابة
650 0 4 _aتعليم الاطفال
650 0 4 _aالقراءة
650 0 4 _aالابجدية
942 _2ddc
_cBK
999 _c32835
_d32835